| 000 | 00971nam a22003137a 4500 | ||
|---|---|---|---|
| 001 | 284 | ||
| 003 | FISKH | ||
| 005 | 20230316131153.0 | ||
| 008 | 230316b cb ||||| |||| 00| 0 eng d | ||
| 040 |
_aFISKH _beng _cFISKH _dFISKH |
||
| 050 | _aPZ7 | ||
| 082 | _a823.3 | ||
| 100 |
_aOdgers, Sally Farrell _d1957- |
||
| 245 |
_aTeam song / _cby Sally Odgers illustrated by Mat Lin. |
||
| 260 |
_aSingapore _bScholastic _c2009 |
||
| 300 |
_a61 p. _c19 cm. |
||
| 490 | _aSpace Sports | ||
| 490 | _aOut of this world | ||
| 505 | _aN | ||
| 520 | _aJenna is a gun 3D player. Her twin brother Jaff just wants to make music together - and they just got their big break. Sport or music? It's a tough call. | ||
| 521 | 8 |
_a700
_bLexile |
|
| 521 | 8 |
_aN
_bRaz-Plus |
|
| 650 |
_aInterplanetary voyages _vJuvenile Fiction |
||
| 700 | _aLin, Matt | ||
| 800 |
_aOdgers, Sally Farrell _d1957- |
||
| 830 | _aOut of this world | ||
| 830 | _aSpace sports | ||
| 942 |
_2ddc _cBK _n0 |
||
| 999 |
_c284 _d284 |
||